Indian States and UT by Languages - Statistics

General Stats
  • This quiz has been taken 80 times
  • The average score is 29 of 36
Answer Stats
State or UT Official Language State or UT Capital or Capitals % Correct
Bihar Hindi Patna
98%
Chattisgarh Hindi Raipur
98%
Chandigarh Hindi Chandigarh
98%
Delhi ( National Capital Territory) Hindi New Delhi
98%
Haryana Hindi Chandigarh
98%
Himachal Pradesh Hindi Shimla
98%
Jharkhand Hindi Ranchi
98%
Madhya Pradesh Hindi Bhopal
98%
Rajasthan Hindi Jaipur
98%
Uttar Pradesh Hindi Lucknow
98%
Uttarakhand Hindi Dehradun
98%
Andaman and Nicobar Islands Bengali Port Blair
97%
Tripura Bengali Agartala
97%
West Bengal Bengali Kolkata
97%
Punjab Punjabi Chandigarh
94%
Puducherry Tamil Puducherry
92%
Tamil Nadu Tamil Chennai
92%
Andhra Pradesh Telugu Amravati
92%
Telangana Telugu Hyderabad
92%
Gujarat Gujarati Gandhinagar
89%
Assam Assamese Dispur
85%
Karnataka Kannada Bengaluru
85%
Kerala Malayalam Thiruvananthapuram
85%
Lakshadweep Malayalam Kavaratti
85%
Maharashtra Marathi Mumbai
82%
Odisha Odia Bhubaneswar
80%
Jammu and Kashmir Kashmiri Srinagar(Summer) & Jammu (Winter)
75%
Goa Konkani Panaji
66%
Manipur Manipuri Imphal
66%
Mizoram Mizo Aizawal
63%
Sikkim Nepali Gangtok
55%
Ladakh Ladakhi Leh and Kargil
45%
Megahalya Khasi Shillong
22%
Nagaland Ao Kohima
17%
Dadra & Nager Haveli and Daman & Diu Bhili Daman
8%
Arunachal Pradesh Nissi Itanagar
8%
No matching quizzes found
Score Distribution
Percent of People with Each Score
Percentile by Number Answered
Your Score History
You have not taken this quiz